Normal view
MARC view
Entry Personal Name
001 - CONTROL NUMBER
- control field: 30766
003 - CONTROL NUMBER IDENTIFIER
- control field: ARRUPE
005 - DATE AND TIME OF LATEST TRANSACTION
- control field: 20170511092007.0
008 - FIXED-LENGTH DATA ELEMENTS
- fixed length control field: 170511|| aca||aabn | a|a d
040 ## - CATALOGING SOURCE
- Original cataloging agency: ARRUPE
- Transcribing agency: ARRUPE
100 ## - HEADING--PERSONAL NAME
- Personal name: Fadiman, Jeffrey A.
670 ## - SOURCE DATA FOUND
- Source citation: Work cat.: (ARRUPE)930: Fadiman, Jeffrey A., When we began there were witchmen, 1993